000 01490nam0a22002891 4500
001 rc\4287525
005 20260407141534.0
021 _aRU
_b[59-33906]
035 _a(NLR Aleph) 008494772
090 _a8071665
_c8071665
100 _a20130416g19581959|||y0rusy50 ca
101 0 _arus
102 _aRU
105 _aab z |||||
200 1 _aОсновные результаты научно-исследовательской работы института за 1957 год
_e[Сборник статей
_fРед. коллегия: С.Г. Скоропанов (гл. ред.) и др.]
_gАкад. с.-х. наук БССР. Белорус. науч.-исслед. ин-т мелиорации и водного хозяйства
210 _aМинск
_c[Звезда]
_d1958 [вып. дан. 1959]
215 _a281 с.
_cчерт., карт.
_d23
320 _aБиблиогр. в конце статей
606 _aТорфяные почвы
_xОсвоение сельскохозяйственное
_yБелорусская ССР
_2psbo
606 _aМелиорация
_jНаучно-исследовательская работа
_jСборники
_2psbo
702 1 _aСкоропанов
_bС.Г.
_4340
710 0 2 _aБелорусский НИИ мелиорации и водного хозяйства
_cМинск
_3RU\NLR\AUTH\8810009523
_9516786
801 0 _aRU
_bNLR
_gpsbo
801 1 _aRU
_bELAR
_2rusmarc
852 _aNLR
_j59-5/2481
942 _cBOOK
980 _aNB